000 00478nam a2200205Ia 4500
005 20240823025901.0
008 240823s9999||||xx |||||||||||||| ||und||
020 _a978-81-203-0986-9
041 _aENGLISH
082 _A625.395 P9
100 _aDouglas A Pucknell
245 0 _aBasic VLSI Design
250 _a3rd
260 _c2009
_b#VALUE!
500 _aTRANSFERED
650 _aVLSI
_bElectronics
700 _a Kamran Eshraghian
942 _cBK
999 _c187376
_d187376